Largest Cities Starting With E - Statistics

General Stats
  • This quiz has been taken 32 times
  • The average score is 6 of 20
Answer Stats
Country Population City % Correct
Canada 1M Edmonton
94%
Germany 581K Essen
74%
United Kingdom 564K Edinburgh
61%
United States 678K El Paso
58%
Iraq 941K Erbil
55%
Netherlands 373K Eindhoven
52%
Finland 321K Espoo
45%
Turkey 860K Eskisehir
29%
Spain 243K Elche
26%
Nigeria 907K Enugu
23%
South Africa 478K East London
19%
Turkey 467K Erzurum
19%
Turkey 451K Elazig
13%
Sudan 393K El Obeid
10%
China 716K Ezhou
6%
Kenya 484K Eldoret
3%
Nigeria 457K Efon Alaaye
0%
Sudan 264K El Daein
0%
Mexico 363K Ensenada
0%
India 290K Etawah
0%
No matching quizzes found
Score Distribution
Percent of People with Each Score
Percentile by Number Answered
Your Score History
You have not taken this quiz